000
00322nam a2200133Ia 4500
008
190722s9999 xx 000 0 und d
020
_a
978-93-86105-83-7
100
_a
NSTA Press
245
4
_a
The Biology Teacher's Handbook
250
_a
4th
260
_a
New Delhi
_b
Viva Press
_c
2017
300
_a
338
942
_c
BK
999
_c
1079
_d
1079